01343nam a22003857a 4500001001000000003000900010005001700019007000300036008003400039040005400073041001000127072002500137090001900162100001600181110010200197110012400299245006700423250001100490260004000501300001000541500002200551650001800573650001400591650002500605650002400630650000900654650002000663650002700683650001600710650001900726909003600745942000700781999001700788952015200805BR0503150BR-BrBNA20230928101920.0ta230509b bl.||||| |||| 00| 0 por d aBR-BrBNAbporcBiblioteca Nacional de Agricultura a(Por) aL02; L52b5214b8954  5214 BR05031501 aKirchof, B.1 aEmpresa de Assistência Técnica e Extensão Rural do Rio Grande do Sul, Porto Alegre (Brasil)1 aAssociação Riograndense de Empreendimentos de Assistência Técnica e Extensão Rural, Porto Alegre, RS (Brasil)1 aTabelas para cálculo da alimentação de bovinos leiteiros1 a7. ed.3 aPorto Alegre, RS (Brasil): c2004.  a26 p. a7 ref.; 18 tables aGADO LEITEIRO aRAÇÃO aALIMENTO PARA ANIMAL aNUTRIÇÃO ANIMAL aPESO aDIGESTIBILIDADE aCÁLCULO DE RAÇÃO aPERFORMANCE aMATÉRIA SECA a202309bLuciac55dLucia Elande cBK c68203d68203 002AGRIS40708AGROBASEa41918b41918l0o 5214 BR0503150p5214 BR0503150r2023-09-25t01yBK10d2023-09-25ePortaria Interministerial nº 164/94